000 00272nam a2200109Ia 4500
005 20251222144708.0
008 251222s9999||||xx |||||||||||||| ||spa||
082 _a332.671/M22
245 0 _aManual de Mercado de Capitales
264 _bUniversidad de Alicante
942 _cLIB
999 _c17730
_d17730